Практическое руководство по общей геологии: учебное пособие

Bibliografiske detaljer
Andre forfattere: Короновский Н. В. Николай Владимирович (редактор)
Summary:В пособии приведены сведения по минералогии, петрографии, литологии и структурной геологии. Дано макроскопическое описание и способы определения главных породообразующих минералов и наиболее часто встречающихся магматических, метаморфических и осадочных горных пород. Кратко изложена история создания общей стратиграфической шкалы, рассмотрены вопросы, связанные с первыми навыками полевой и камеральной геологической работы. Для студентов высших учебных заведений.
Sprog:russisk
Udgivet: Москва, Академия, 2010
Udgivelse:3-е изд., испр. и доп.
Serier:Высшее профессиональное образование. Естественные науки
Fag:
Format: MixedMaterials Bog
KOHA link:https://koha.lib.tpu.ru/cgi-bin/koha/opac-detail.pl?biblionumber=195175

MARC

LEADER 00000nam0a2200000 4500
001 195175
005 20260113160440.0
010 |a 9785769561528 
035 |a (RuTPU)RU\TPU\book\212909 
035 |a RU\TPU\book\84547 
090 |a 195175 
100 |a 20050701d2010 m y0rusy50 ca 
101 0 |a rus 
102 |a RU 
105 |a a j 000zy 
200 1 |a Практическое руководство по общей геологии  |e учебное пособие  |f под ред. Н. В. Короновского 
205 |a 3-е изд., испр. и доп. 
210 |a Москва  |c Академия  |d 2010 
215 |a 160 с.  |c ил. 
225 1 |a Высшее профессиональное образование. Естественные науки 
330 |a В пособии приведены сведения по минералогии, петрографии, литологии и структурной геологии. Дано макроскопическое описание и способы определения главных породообразующих минералов и наиболее часто встречающихся магматических, метаморфических и осадочных горных пород. Кратко изложена история создания общей стратиграфической шкалы, рассмотрены вопросы, связанные с первыми навыками полевой и камеральной геологической работы. Для студентов высших учебных заведений. 
451 1 |0 (RuTPU)RU\TPU\book\84547  |y 978-5-7695-4555-9  |t Практическое руководство по общей геологии  |o учебное пособие  |f под ред. Н. В. Короновского  |e 2-е изд., стер.  |c М.  |n Академия  |d 2007  |p 160 с.  |s Высшее профессиональное образование. Естественные науки 
606 |a Геология общая  |9 89097 
610 1 |a практические руководства 
610 1 |a земная кора 
610 1 |a вещественный состав 
610 1 |a минералы 
610 1 |a классификация 
610 1 |a горные породы 
610 1 |a магматические горные породы 
610 1 |a осадочные горные породы 
610 1 |a метаморфические горные породы 
610 1 |a залегание 
610 1 |a возраст 
610 1 |a геологические разрезы 
610 1 |a геологические карты 
610 1 |a учебные пособия 
610 1 |a формы 
675 |a 55  |v 3 
702 1 |a Короновский  |b Н. В.  |g Николай Владимирович  |4 340 
801 1 |a RU  |b 63413507  |c 20110504 
801 2 |a RU  |b 63413507  |c 20210907  |g RCR 
942 |c BK